000
00190nam a2200085 4500
001
1254788
005
20251125103510.0
245
_a
BENİM DÜNYALARIM
_c
NURSEL SAYGINER
260
_b
BU YAYIN EVİ
999
_c
1254788
_d
1254788